| 000 | 00931cam a22002651 4500 | ||
|---|---|---|---|
| 001 | 000013889 | ||
| 005 | 20200929163404.0 | ||
| 008 | 860304s1934 ag 000 0 spa | ||
| 010 | _a35018276 | ||
| 035 | _a(OCoLC)13233970 | ||
| 040 |
_aDO-SdBNP _cCU _dCU _dDLC |
||
| 042 | _apremarc | ||
| 050 | 0 | 0 |
_aHD7809 _b.P3 1934 |
| 100 | 1 |
_aPalacios, Alfredo L. _q(Alfredo Lorenzo), _d1879-1965. _931469 |
|
| 245 | 1 | 3 |
_aEl nuevo derecho. / _cPrologos de Manuel B. Gonnet y Carlos Sanchez Viamonte. |
| 250 | _a3. ed. | ||
| 260 |
_aBuenos Aires, : _bEditorial Claridad, _c[1934?]. |
||
| 300 |
_a379, [3] p. ; _c24 cm. |
||
| 490 | 0 | _aColeccion Claridad. "Ciencias sociales" 2. ser. | |
| 500 | _aAt head of title: Alfredo L. Palacios. | ||
| 650 | 0 |
_aLabor laws and legislation. _929685 |
|
| 650 | 0 |
_aIndustrial laws and legislation. _931470 |
|
| 650 | 0 |
_aLabor laws and legislation _zArgentina. _931471 |
|
| 910 | _aCatalogación derivada | ||
| 999 |
_c13495 _d13495 |
||